[Event "Teplice Open 2019"]
[Site "Teplice"]
[Date "2019.06.16"]
[Round "2.29"]
[White "Schmidt, Tommy B."]
[Black "Abdumalik, Zhansaya"]
[Result "0-1"]
[WhiteElo "2205"]
[BlackElo "2464"]
[Annotator "ChessBase"]
[PlyCount "194"]
[EventDate "2019.06.15"]
[EventType "swiss"]
[EventCountry "CZE"]
[SourceTitle "playchess.com"]
[Source "ChessBase"]
[SourceQuality "1"]
[TimeControl "40/5400+30:1800+30"]

1. d4 {[%emt 0:00:00]} Nf6 {[%emt 0:00:02]} 2. c4 {[%emt 0:00:00]} g6 {[%emt 0:01:06]} 3. Nc3 {[%emt 0:00:00]} d6 {[%emt 0:00:05]} 4. e4 {[%emt 0:00:00]} Nbd7 {[%emt 0:00:44]} 5. Bd3 {[%emt 0:01:22]} e5 {[%emt 0:00:44]} 6. d5 {[%emt 0:00:09]} Bg7 {[%emt 0:00:39]} 7. Nge2 {[%emt 0:01:18]} O-O {[%emt 0:02:33]} 8. O-O {[%emt 0:00:09]} h6 {[%emt 0:01:32]} 9. Ng3 {[%emt 0:02:41]} Nh7 {[%emt 0:02:18]} 10. Bc2 {[%emt 0:02:43]} h5 {[%emt 0:02:35]} 11. Be3 {[%emt 0:01:49]} Ndf6 {[%emt 0:03:28]} 12. f3 {[%emt 0:00:47]} h4 {[%emt 0:08:10]} 13. Nge2 {[%emt 0:00:17]} Nh5 {[%emt 0:02:47]} 14. Qd2 {[%emt 0:03:42]} Bh8 {[%emt 0:08:34]} 15. Rae1 {[%emt 0:11:48]} Qe7 {[%emt 0:08:34]} 16. Nd1 {[%emt 0:24:08]} Bd7 {[%emt 0:04:54]} 17. b4 {[%emt 0:00:34]} f5 {[%emt 0:07:18]} 18. exf5 {[%emt 0:06:47]} gxf5 {[%emt 0:00:17]} 19. f4 {[%emt 0:00:35]} e4 {[%emt 0:01:07]} 20. Bd4 {[%emt 0:05:35]} N7f6 {[%emt 0:01:21]} 21. Qc3 {[%emt 0:01:08]} Kf7 {[%emt 0:02:33]} 22. Bb3 {[%emt 0:00:56]} Rg8 {[%emt 0:02:41]} 23. Ne3 {[%emt 0:01:47]} b6 {[%emt 0:08:16]} 24. c5 {[%emt 0:01:33]} Rae8 {[%emt 0:03:44]} 25. Nc4 {[%emt 0:08:59]} Kg6 {[%emt 0:02:41]} 26. Ne3 {[%emt 0:05:28]} Bg7 {[%emt 0:02:48]} 27. a4 {[%emt 0:04:03]} Bh6 {[%emt 0:02:04]} 28. Rf2 {[%emt 0:03:57]} Kh7 {[%emt 0:01:23]} 29. a5 {[%emt 0:00:29]} bxa5 {[%emt 0:01:21]} 30. bxa5 {[%emt 0:00:40]} Ng4 {[%emt 0:00:49]} 31. Nxg4 {[%emt 0:01:21]} Rxg4 {[%emt 0:00:25]} 32. c6 {[%emt 0:05:00]} Bc8 {[%emt 0:00:06]} 33. Bc4 {[%emt 0:00:43]} Nxf4 {[%emt 0:03:48]} 34. Ref1 {[%emt 0:01:07]} Nh5 {[%emt 0:02:14]} 35. Be3 {[%emt 0:01:09]} Bg7 {[%emt 0:01:51]} 36. Qc1 {[%emt 0:01:07]} a6 {[%emt 0:01:59]} 37. Nf4 {[%emt 0:02:12]} Nxf4 {[%emt 0:00:38]} 38. Rxf4 {[%emt 0:00:43]} Rxf4 {[%emt 0:02:16]} 39. Rxf4 {[%emt 0:01:28]} Bh6 {[%emt 0:02:41]} 40. Rf1 {[%emt 0:00:38]} Bxe3+ {[%emt 0:02:09]} 41. Qxe3 {[%emt 0:03:36]} Rg8 {[%emt 0:00:00]} 42. Rf4 {[%emt 0:01:20]} Rg6 {[%emt 0:04:43]} 43. Qf2 {[%emt 0:03:20]} Rh6 {[%emt 0:01:37]} 44. Qa7 {[%emt 0:05:42]} Qg7 {[%emt 0:01:52]} 45. Bf1 {[%emt 0:01:35]} Kg6 {[%emt 0:01:09]} 46. Qf2 {[%emt 0:00:28]} Qf6 {[%emt 0:00:40]} 47. Kh1 {[%emt 0:01:23]} Qa1 {[%emt 0:02:03]} 48. h3 {[%emt 0:01:01]} Rh7 {[%emt 0:04:16]} 49. Qd2 {[%emt 0:01:21]} Qe5 {[%emt 0:01:03]} 50. Be2 {[%emt 0:01:01]} e3 {[%emt 0:06:14]} 51. Qb4 {[%emt 0:05:28]} Kg5 {[%emt 0:02:02]} 52. Rf1 {[%emt 0:02:48]} Qxd5 {[%emt 0:01:45]} 53. Qf4+ {[%emt 0:00:15]} Kf6 {[%emt 0:01:32]} 54. Qxe3 {[%emt 0:00:18]} Qxc6 {[%emt 0:04:52]} 55. Qd4+ {[%emt 0:00:31]} Kg6 {[%emt 0:00:25]} 56. Bd3 {[%emt 0:03:25]} Rh5 {[%emt 0:00:57]} 57. Rf2 {[%emt 0:02:07]} Qc1+ {[%emt 0:02:19]} 58. Rf1 {[%emt 0:00:09]} Qh6 {[%emt 0:02:59]} 59. Qc4 {[%emt 0:00:22]} Qg7 {[%emt 0:00:46]} 60. Qg4+ {[%emt 0:00:24]} Kh6 {[%emt 0:00:50]} 61. Qf4+ {[%emt 0:00:32]} Kh7 {[%emt 0:00:13]} 62. Re1 {[%emt 0:01:04]} Qf7 {[%emt 0:01:17]} 63. Bc4 {[%emt 0:01:07]} Qf8 {[%emt 0:00:37]} 64. Qf3 {[%emt 0:00:48]} Rg5 {[%emt 0:00:44]} 65. Qc6 {[%emt 0:00:12]} Qg7 {[%emt 0:00:33]} 66. Qe8 {[%emt 0:01:22]} Bd7 {[%emt 0:00:43]} 67. Qd8 {[%emt 0:00:06]} Kh6 {[%emt 0:01:25]} 68. Re7 {[%emt 0:01:12]} Qb2 {[%emt 0:00:15]} 69. Qf8+ {[%emt 0:00:27]} Rg7 {[%emt 0:00:05]} 70. Qh8+ {[%emt 0:01:59]} Kg6 {[%emt 0:00:03]} 71. Bf1 {[%emt 0:00:37]} Qf6 {[%emt 0:00:55]} 72. Rxg7+ {[%emt 0:00:35]} Qxg7 {[%emt 0:00:06]} 73. Qxh4 {[%emt 0:00:14]} Qa1 {[%emt 0:00:33]} 74. Qg3+ {[%emt 0:00:21]} Kf7 {[%emt 0:00:47]} 75. Qf3 {[%emt 0:00:20]} Kf6 {[%emt 0:00:17]} 76. Kh2 {[%emt 0:00:55]} Qxa5 {[%emt 0:00:17]} 77. Bd3 {[%emt 0:00:36]} Qe5+ {[%emt 0:00:19]} 78. Kh1 {[%emt 0:00:08]} Bb5 {[%emt 0:00:40]} 79. Bc2 {[%emt 0:00:18]} Qc5 {[%emt 0:00:24]} 80. Be4 {[%emt 0:00:50]} Ke6 {[%emt 0:01:04]} 81. Bb7 {[%emt 0:00:11]} Qe5 {[%emt 0:00:40]} 82. Qf2 {[%emt 0:00:35]} Kd7 {[%emt 0:00:23]} 83. Qh4 {[%emt 0:00:18]} c6 {[%emt 0:00:40]} 84. Qh7+ {[%emt 0:00:09]} Kd8 {[%emt 0:00:43]} 85. Ba8 {[%emt 0:00:43]} Qe1+ {[%emt 0:00:07]} 86. Kh2 {[%emt 0:00:07]} Qe5+ {[%emt 0:00:01]} 87. Kh1 {[%emt 0:00:06]} d5 {[%emt 0:00:23]} 88. Qa7 {[%emt 0:00:25]} Qe1+ {[%emt 0:00:21]} 89. Kh2 {[%emt 0:00:06]} Qe7 {[%emt 0:00:32]} 90. Qb8+ {[%emt 0:00:55]} Kd7 {[%emt 0:00:03]} 91. Qh8 {[%emt 0:00:42]} Kc7 {[%emt 0:00:11]} 92. h4 {[%emt 0:00:19]} Qd6+ {[%emt 0:00:24]} 93. Kh1 {[%emt 0:00:39]} d4 {[%emt 0:00:14]} 94. h5 {[%emt 0:00:48]} d3 {[%emt 0:00:14]} 95. Qg7+ {[%emt 0:00:57]} Kb6 {[%emt 0:00:16]} 96. Qc3 {[%emt 0:01:09]} d2 {[%emt 0:00:43]} 97. Qe3+ {[%emt 0:00:06]} c5 {[%emt 0:01:07]} 0-1

[Event "Teplice Open 2019"]
[Site "Teplice"]
[Date "2019.06.16"]
[Round "2.30"]
[White "Haldorsen, Benjamin"]
[Black "Mitscherling, Andreas"]
[Result "1/2-1/2"]
[WhiteElo "2454"]
[BlackElo "2175"]
[Annotator "TA"]
[PlyCount "136"]
[EventDate "2019.06.15"]
[EventType "swiss"]
[EventCountry "CZE"]
[SourceTitle "playchess.com"]
[Source "ChessBase"]
[SourceQuality "1"]

{[%evp 21,136,49,44,42,60,54,61,47,69,64,60,62,99,104,131,143,141,86,86,89,89,88,85,68,88,81,81,81,81,81,81,87,87,51,116,5,5,5,5,5,27,27,41,43,69,74,76,76,76,76,76,76,77,77,77,76,73,58,76,76,76,76,76,76,76,76,76,76,76,76,76,76,76,76,76,76,76,76,79,76,76,76,76,68,68,68,68,68,68,68,68,68,68,16,16,10,10,0,0,0,0,0,0,0,0,0,0,0,0,0,0,0,0,0,0,0,0]} 1. c4 e6 2. Nf3 d5 3. g3 Nf6 4. Bg2 c5 5. cxd5 exd5 6. d4 Nc6 7. O-O Be7 8. dxc5 Bxc5 9. a3 O-O 10. b4 Bb6 11. Bb2 Be6 12. Nc3 {D30: Queen's Gambit Declined: Systems without Nc3} Qe7 13. Na4 Bc7 14. Rc1 {White is slightly better.} Ne4 15. Nd4 Nxd4 16. Qxd4 {[%csl Gb2][%cal Rd4g7] [#]} Nf6 17. Rfd1 $146 ({Predecessor:} 17. Qh4 Bd6 18. Bxf6 gxf6 19. Nc3 f5 20. Qxe7 Bxe7 21. Nxd5 {1-0 (55) Karagiannis,A (2391)-Ionescu,D (2450) Nikea 2002}) 17... Rfd8 18. Qh4 Rac8 19. Bd4 (19. Nc5 $142) 19... b6 $16 20. Nc3 Bb8 21. e3 h6 22. Bf3 Kh7 {White must now prevent ...g5.} 23. Bxf6 Qxf6 24. Qxf6 gxf6 25. Nb5 a6 {...Rxc1 is the strong threat.} 26. Nd4 Be5 27. Nc6 Bb2 {[#]} (27... Rd6 $1 $14 28. Nd4 Rdd8) 28. Rb1 ({Don't play} 28. Nxd8 $6 Bxc1 29. Nxe6 fxe6 $11) (28. Rc2 $1 $16) 28... Rxc6 $11 29. Rxb2 Rc3 30. a4 Ra3 31. b5 $36 {[%mdl 2048] Black is under pressure.} Rxa4 32. bxa6 {And now Be2 would win.} Rxa6 33. Be2 Raa8 34. Rxb6 Rab8 35. Rxb8 Rxb8 $16 {[%mdl 4096] Endgame KRB-KRB} 36. Rd4 Kg6 37. Bd3+ Kg7 38. Kg2 Rb2 39. g4 Bd7 40. Kg3 Bc6 41. Bf5 Kf8 42. Rd1 Rb4 43. Rb1 Rxb1 44. Bxb1 {KB-KB} Bd7 45. Ba2 Bc6 46. Kh4 Kg7 47. Bb3 Bb7 48. Ba4 Ba8 49. Bd7 Bb7 50. Bf5 Kf8 51. Kg3 Ke7 52. h4 Kf8 53. f4 Ba6 54. Kf2 Kg7 55. Ke1 Kf8 56. Kd2 Kg7 57. Bd3 (57. h5 $14) 57... Bc8 $1 $11 {The position is equal.} 58. Be2 f5 $1 {[%cal Rf5g4]} 59. gxf5 Bxf5 60. Kc3 Kf6 61. Kd4 Be4 62. Bh5 Ke6 63. Bg4+ Kd6 64. Be2 f6 65. Bb5 Bf3 66. Bd3 Bg2 67. Bf5 Bf3 68. Bd3 Bg2 {Accuracy: White = 74%, Black = 70%.} 1/2-1/2

[Event "Teplice Open 2019"]
[Site "Teplice"]
[Date "2019.06.16"]
[Round "2.31"]
[White "Kucera, Petr"]
[Black "Song, Raymond"]
[Result "0-1"]
[WhiteElo "2175"]
[BlackElo "2450"]
[Annotator "RC"]
[PlyCount "80"]
[EventDate "2019.06.15"]
[EventType "swiss"]
[EventCountry "CZE"]
[SourceTitle "playchess.com"]
[Source "ChessBase"]
[SourceQuality "1"]
[TimeControl "40/5400+30:1800+30"]

1. d4 {[%emt 0:00:00]} Nf6 {[%emt 0:00:00]} 2. Nf3 {[%emt 0:00:00]} d5 {[%emt 0:00:00]} 3. e3 {[%emt 0:00:55]} c5 {[%emt 0:00:45]} 4. dxc5 {[%emt 0:03:35]} e6 {[%emt 0:00:19]} 5. c4 {[%emt 0:01:26]} Bxc5 {[%emt 0:00:22]} 6. a3 {[%emt 0:03:52]} a6 {[%emt 0:07:43]} 7. b4 {[%emt 0:02:09]} Ba7 {[%emt 0:00:08]} 8. Bb2 {[%emt 0:01:26]} O-O {[%emt 0:00:58]} 9. Nbd2 {[%emt 0:06:32]} Nc6 {[%emt 0:01:08]} 10. Be2 {[%emt 0:05:28]} Qe7 {[%emt 0:06:24]} 11. Qb3 {[%emt 0:13:43]} Rd8 {[%emt 0:03:13]} 12. Ne5 {[%emt 0:13:03]} Bb8 {[%emt 0:18:17]} 13. Ndf3 {[%emt 0:09:23]} Ne4 {[%emt 0:01:38]} 14. Nxc6 {[%emt 0:07:10]} bxc6 {[%emt 0:00:15]} 15. O-O {[%emt 0:01:31]} e5 {[%emt 0:01:05]} 16. Rfd1 {[%emt 0:06:08]} Nf6 {[%emt 0:01:51]} 17. cxd5 {[%emt 0:05:11]} cxd5 {[%emt 0:00:20]} 18. Rac1 {[%emt 0:01:59]} h6 {[%emt 0:05:37]} 19. Qa2 {[%emt 0:06:37]} Bb7 {[%emt 0:02:57]} 20. Qa1 {[%emt 0:02:26]} Re8 {[%emt 0:00:20]} 21. b5 {[%emt 0:01:49]} Bd6 {[%emt 0:01:30]} 22. a4 {[%emt 0:01:13]} Qe6 {[%emt 0:04:26]} 23. Bf1 {[%emt 0:01:45]} a5 {[%emt 0:01:43]} 24. Ba3 {[%emt 0:01:36]} Bb8 {[%emt 0:03:04]} 25. Bb2 {[%emt 0:00:13]} d4 {[%emt 0:02:43]} 26. exd4 {[%emt 0:01:09]} Bxf3 {[%emt 0:00:04]} 27. gxf3 {[%emt 0:00:13]} e4 {[%emt 0:00:04]} 28. Rc6 {[%emt 0:01:43]} Qf5 {[%emt 0:00:14]} 29. Qc1 {[%emt 0:01:28]} Qg6+ {[%emt 0:03:30]} 30. Kh1 {[%emt 0:00:16]} Qh5 {[%emt 0:00:04]} 31. h3 {[%emt 0:00:50]} Qxf3+ {[%emt 0:00:11]} 32. Bg2 {[%emt 0:00:12]} Qxf2 {[%emt 0:00:04]} 33. d5 {[%emt 0:00:45]} Nxd5 {[%emt 0:00:34]} 34. Rxd5 {[%emt 0:00:37]} Qg3 {[%emt 0:00:06]} 35. Kg1 {[%emt 0:00:23]} e3 {[%emt 0:00:24]} 36. Bc3 {[%emt 0:00:36]} Qh2+ {[%emt 0:00:37]} 37. Kf1 {[%emt 0:00:16]} e2+ {[%emt 0:00:02]} 38. Kf2 {[%emt 0:00:23]} Qg3+ {[%emt 0:00:06]} 39. Kg1 {[%emt 0:00:14]} e1=Q+ {[%emt 0:00:08]} 40. Bxe1 {[%emt 0:00:43]} Rxe1+ {[%emt 0:00:07]} 0-1

[Event "Teplice Open 2019"]
[Site "Teplice"]
[Date "2019.06.16"]
[Round "2.32"]
[White "Ankit, R. Rajpara"]
[Black "Balinski, Damian"]
[Result "1-0"]
[WhiteElo "2447"]
[BlackElo "2170"]
[Annotator "NA"]
[PlyCount "61"]
[EventDate "2019.06.15"]
[EventType "swiss"]
[EventCountry "CZE"]
[SourceTitle "playchess.com"]
[Source "ChessBase"]
[SourceQuality "1"]
[TimeControl "40/5400+30:1800+30"]

1. d4 {[%emt 0:00:03]} f5 {[%emt 0:00:00]} 2. g3 {[%emt 0:00:27]} Nf6 {[%emt 0:00:00]} 3. Bg2 {[%emt 0:00:17]} g6 {[%emt 0:00:00]} 4. c4 {[%emt 0:00:29]} Bg7 {[%emt 0:00:14]} 5. Nf3 {[%emt 0:00:15]} O-O {[%emt 0:00:12]} 6. O-O {[%emt 0:00:32]} d6 {[%emt 0:00:03]} 7. Nc3 {[%emt 0:00:52]} c6 {[%emt 0:00:09]} 8. b3 {[%emt 0:00:50]} Na6 {[%emt 0:02:17]} 9. Bb2 {[%emt 0:01:15]} Qe8 {[%emt 0:01:40]} 10. d5 {[%emt 0:04:27]} Bd7 {[%emt 0:00:41]} 11. Re1 {[%emt 0:10:15]} h6 {[%emt 0:12:36]} 12. Nd4 {[%emt 0:14:52]} Nc7 {[%emt 0:05:21]} 13. Qd2 {[%emt 0:09:56]} c5 {[%emt 0:11:17]} 14. Ne6 {[%emt 0:04:58]} Nxe6 {[%emt 0:15:49]} 15. dxe6 {[%emt 0:00:08]} Bxe6 {[%emt 0:00:36]} 16. Bxb7 {[%emt 0:00:11]} Rb8 {[%emt 0:01:05]} 17. Bg2 {[%emt 0:00:58]} Ng4 {[%emt 0:12:58]} 18. h3 {[%emt 0:15:34]} Ne5 {[%emt 0:00:31]} 19. f4 {[%emt 0:00:33]} Nf7 {[%emt 0:02:39]} 20. e4 {[%emt 0:01:46]} Bd4+ {[%emt 0:03:19]} 21. Kh2 {[%emt 0:00:21]} Nd8 {[%emt 0:11:30]} 22. exf5 {[%emt 0:18:16]} Bxf5 {[%emt 0:00:02]} 23. Nd5 {[%emt 0:00:22]} e5 {[%emt 0:09:04]} 24. fxe5 {[%emt 0:02:54]} dxe5 {[%emt 0:00:02]} 25. Bxd4 {[%emt 0:00:38]} cxd4 {[%emt 0:00:06]} 26. g4 {[%emt 0:01:00]} Bd7 {[%emt 0:06:34]} 27. Qxh6 {[%emt 0:00:24]} Rb6 {[%emt 0:03:30]} 28. Nxb6 {[%emt 0:00:41]} axb6 {[%emt 0:00:01]} 29. Rf1 {[%emt 0:03:56]} Ne6 {[%emt 0:01:22]} 30. Bd5 {[%emt 0:01:12]} Rxf1 {[%emt 0:00:23]} 31. Rxf1 {[%emt 0:00:07]} 1-0

[Event "Teplice Open 2019"]
[Site "Teplice"]
[Date "2019.06.16"]
[Round "2.33"]
[White "Vales, Vaclav"]
[Black "Erenberg, Ariel"]
[Result "0-1"]
[WhiteElo "2171"]
[BlackElo "2434"]
[Annotator "NA RC"]
[PlyCount "80"]
[EventDate "2019.06.15"]
[EventType "swiss"]
[EventCountry "CZE"]
[SourceTitle "playchess.com"]
[Source "ChessBase"]
[SourceQuality "1"]
[TimeControl "40/5400+30:1800+30"]

1. d4 {[%emt 0:00:00]} Nf6 {[%emt 0:00:00]} 2. Nf3 {[%emt 0:00:00]} e6 {[%emt 0:00:25]} 3. c4 {[%emt 0:00:00]} b6 {[%emt 0:00:45]} 4. a3 {[%emt 0:01:07]} Bb7 {[%emt 0:00:26]} 5. Nc3 {[%emt 0:00:06]} d5 {[%emt 0:00:17]} 6. cxd5 {[%emt 0:00:06]} Nxd5 {[%emt 0:00:09]} 7. Qc2 {[%emt 0:01:52]} Nxc3 {[%emt 0:01:28]} 8. bxc3 {[%emt 0:01:12]} Nd7 {[%emt 0:00:42]} 9. e4 {[%emt 0:03:19]} c5 {[%emt 0:00:51]} 10. Bd3 {[%emt 0:03:36]} Qc7 {[%emt 0:00:41]} 11. O-O {[%emt 0:01:44]} cxd4 {[%emt 0:07:03]} 12. cxd4 {[%emt 0:01:45]} Qxc2 {[%emt 0:00:30]} 13. Bxc2 {[%emt 0:00:09]} Be7 {[%emt 0:03:46]} 14. Bb2 {[%emt 0:09:45]} O-O {[%emt 0:00:43]} 15. Rfe1 {[%emt 0:06:09]} Rac8 {[%emt 0:11:32]} 16. Bb3 {[%emt 0:07:04]} Rfd8 {[%emt 0:19:52]} 17. g3 {[%emt 0:13:23]} a5 {[%emt 0:04:25]} 18. Rad1 {[%emt 0:13:38]} Bf6 {[%emt 0:07:16]} 19. Re2 {[%emt 0:09:24]} b5 {[%emt 0:05:13]} 20. Ne1 {[%emt 0:04:48]} Nb6 {[%emt 0:04:46]} 21. f3 {[%emt 0:05:53]} Kf8 {[%emt 0:03:30]} 22. Rc2 {[%emt 0:02:30]} Rxc2 {[%emt 0:06:08]} 23. Nxc2 {[%emt 0:00:32]} Rc8 {[%emt 0:02:10]} 24. Ne3 {[%emt 0:01:17]} Be7 {[%emt 0:00:48]} 25. Kf2 {[%emt 0:02:58]} b4 {[%emt 0:02:49]} 26. axb4 {[%emt 0:01:27]} Bxb4 {[%emt 0:00:29]} 27. Ra1 {[%emt 0:02:56]} Ke8 {[%emt 0:05:27]} 28. Nd1 {[%emt 0:03:58]} Kd8 {[%emt 0:04:05]} 29. Ne3 {[%emt 0:02:46]} Ke8 {[%emt 0:03:27]} 30. Nd1 {[%emt 0:00:59]} Ba6 {[%emt 0:00:44]} 31. d5 {[%emt 0:00:28]} exd5 {[%emt 0:00:30]} 32. Bxg7 {[%emt 0:00:28]} dxe4 {[%emt 0:00:55]} 33. fxe4 {[%emt 0:00:13]} Bb5 {[%emt 0:01:43]} 34. Bd4 {[%emt 0:00:42]} a4 {[%emt 0:00:21]} 35. Bxb6 {[%emt 0:00:44]} axb3 {[%emt 0:00:05]} 36. Ne3 {[%emt 0:00:17]} b2 {[%emt 0:02:35]} 37. Rb1 {[%emt 0:00:05]} Bc3 {[%emt 0:00:39]} 38. Nd1 {[%emt 0:00:23]} Bd3 {[%emt 0:00:26]} 39. Nxc3 {[%emt 0:00:02]} Bxb1 {[%emt 0:00:06]} 40. Nxb1 {[%emt 0:00:06]} Rc1 {[%emt 0:00:09] Ke1} 0-1

[Event "Teplice Open 2019"]
[Site "Teplice"]
[Date "2019.06.16"]
[Round "2.34"]
[White "Cawdery, Daniel"]
[Black "Subramanian, Aditya"]
[Result "1-0"]
[WhiteElo "2428"]
[BlackElo "2167"]
[Annotator "NA"]
[PlyCount "43"]
[EventDate "2019.06.15"]
[EventType "swiss"]
[EventCountry "CZE"]
[SourceTitle "playchess.com"]
[Source "ChessBase"]
[SourceQuality "1"]
[TimeControl "40/5400+30:1800+30"]

1. e4 {[%emt 0:00:00]} e5 {[%emt 0:00:00]} 2. Nf3 {[%emt 0:00:00]} Nc6 {[%emt 0:00:00]} 3. Bb5 {[%emt 0:00:19]} g6 {[%emt 0:00:00]} 4. O-O {[%emt 0:06:11]} Bg7 {[%emt 0:00:00]} 5. c3 {[%emt 0:00:39]} a6 {[%emt 0:00:11]} 6. Ba4 {[%emt 0:00:48]} d6 {[%emt 0:00:09]} 7. d4 {[%emt 0:00:32]} Bd7 {[%emt 0:00:10]} 8. dxe5 {[%emt 0:02:59]} Nxe5 {[%emt 0:01:32]} 9. Bb3 {[%emt 0:04:33]} Nf6 {[%emt 0:08:51]} 10. Ng5 {[%emt 0:08:36]} b5 {[%emt 0:26:59]} 11. f4 {[%emt 0:02:54]} Nc4 {[%emt 0:00:51]} 12. e5 {[%emt 0:03:31]} Nh5 {[%emt 0:04:58]} 13. g4 {[%emt 0:06:20]} h6 {[%emt 0:08:21]} 14. Nxf7 {[%emt 0:00:44]} Kxf7 {[%emt 0:01:56]} 15. gxh5 {[%emt 0:00:12]} Rf8 {[%emt 0:06:50]} 16. Qd5+ {[%emt 0:10:06]} Be6 {[%emt 0:00:52]} 17. hxg6+ {[%emt 0:00:07]} Ke7 {[%emt 0:00:07]} 18. exd6+ {[%emt 0:01:36]} Kf6 {[%emt 0:04:11]} 19. Qh5 {[%emt 0:08:20]} Bf5 {[%emt 0:04:49]} 20. Bxc4 {[%emt 0:01:08]} bxc4 {[%emt 0:00:14]} 21. Be3 {[%emt 0:00:16]} Bxg6 {[%emt 0:02:06]} 22. Bd4+ {[%emt 0:00:12]} 1-0

[Event "Teplice Open 2019"]
[Site "Teplice"]
[Date "2019.06.16"]
[Round "2.35"]
[White "Sikora, Jan"]
[Black "Kirk, Ezra"]
[Result "1-0"]
[WhiteElo "2170"]
[BlackElo "2428"]
[Annotator "TA"]
[PlyCount "79"]
[EventDate "2019.06.15"]
[EventType "swiss"]
[EventCountry "CZE"]
[SourceTitle "playchess.com"]
[Source "ChessBase"]
[SourceQuality "1"]

{[%evp 24,79,24,18,25,20,42,50,57,50,51,46,56,46,40,43,81,60,222,229,218,219,300,310,335,331,309,314,305,301,308,261,284,0,331,327,322,300,636,638,521,505,600,520,520,537,712,679,804,568,1082,1082,1082,1082,1109,1081,2190,1817]} 1. Nf3 Nf6 2. g3 g6 3. Bg2 Bg7 4. c4 O-O 5. O-O d6 6. Nc3 Nc6 7. Rb1 e5 8. d3 a5 9. a3 {[%cal Ba2a3,Ba3b4,Bb4b5][%mdl 32]} h6 10. b4 axb4 11. axb4 Be6 12. b5 Ne7 13. Nd2 d5 {A26: English Opening vs King's Indian with ...Nc6 and d3} 14. Bb2 d4 (14... c6 15. bxc6 bxc6 16. Qc2 Nf5 17. Na4 Nd7 18. e4 Ne7 19. Ba3 d4 20. f4 exf4 21. gxf4 {1-0 (47) Grigoriants,S (2561)-Georgiev,K (2623) Riadh 2017}) 15. Na4 {[%cal Bc3a4,Ba4c5,Bc5a6,Ba6b4,Bb4c6][%mdl 32] [#]} Bc8 $146 {White is slightly better.} ({Predecessor:} 15... b6 16. Bxa8 Qxa8 17. Nf3 Bh3 18. Re1 g5 19. Ra1 Qb7 20. Ba3 Nf5 {1-0 (38) Foisor,C (2360)-Istratescu,A (2505) Wattens 1993}) 16. Nc5 Ra7 17. Ra1 Rxa1 18. Qxa1 b6 19. Na6 Nd7 20. Ba3 Re8 $2 ({Black should play} 20... Nf6 $14) 21. Bxe7 $1 $18 Rxe7 22. Nb4 {Strongly threatening Nc6.} Re8 {[#]} 23. Nc6 $1 {[%cal Rc6d8]} Qg5 24. Ne4 Qg4 25. Bf3 Qh3 {[#]} 26. Qa7 $1 {[%cal Ra7c7]} f5 27. Bg2 Qh5 28. Bf3 Qh3 29. Nd2 e4 30. dxe4 Be5 $2 (30... Nc5 31. Bg2 (31. Qxc7 fxe4 32. Bg2 Qd7 $16) 31... Qg4) 31. Nxe5 {White is clearly winning.} Nxe5 32. Qxc7 f4 33. Ra1 fxg3 34. hxg3 Qe6 35. Ra7 {[%csl Ga7][%cal Rc7g7]} Nd7 36. Ra8 Nc5 {[#]} 37. e5 $1 {Bd5! is the strong threat.} Kh8 (37... Qxe5 38. Bd5+) 38. Ne4 Nxe4 39. Bxe4 Rf8 40. Ra7 {Accuracy: White = 83%, Black = 36%.} 1-0

[Event "Teplice Open 2019"]
[Site "Teplice"]
[Date "2019.06.16"]
[Round "2.36"]
[White "Mazur, Stefan"]
[Black "Kozak, Milos"]
[Result "1-0"]
[WhiteElo "2426"]
[BlackElo "2165"]
[Annotator "NA"]
[PlyCount "78"]
[EventDate "2019.06.15"]
[EventType "swiss"]
[EventCountry "CZE"]
[SourceTitle "playchess.com"]
[Source "ChessBase"]
[SourceQuality "1"]
[TimeControl "40/5400+30:1800+30"]

1. e4 {[%emt 0:00:00]} e5 {[%emt 0:00:00]} 2. Nf3 {[%emt 0:00:00]} Nc6 {[%emt 0:00:06]} 3. Bb5 {[%emt 0:00:08]} a6 {[%emt 0:00:29]} 4. Ba4 {[%emt 0:00:06]} Nf6 {[%emt 0:00:19]} 5. O-O {[%emt 0:00:42]} Be7 {[%emt 0:00:31]} 6. Re1 {[%emt 0:00:10]} b5 {[%emt 0:00:05]} 7. Bb3 {[%emt 0:00:04]} d6 {[%emt 0:00:06]} 8. c3 {[%emt 0:00:09]} O-O {[%emt 0:00:12]} 9. h3 {[%emt 0:00:10]} Bb7 {[%emt 0:00:25]} 10. d4 {[%emt 0:00:14]} Re8 {[%emt 0:00:56]} 11. Nbd2 {[%emt 0:00:59]} exd4 {[%emt 0:01:18]} 12. cxd4 {[%emt 0:00:08]} Nd7 {[%emt 0:00:45]} 13. Nf1 {[%emt 0:00:40]} Na5 {[%emt 0:00:07]} 14. Bc2 {[%emt 0:00:11]} Bf6 {[%emt 0:00:12]} 15. Rb1 {[%emt 0:02:48]} c5 {[%emt 0:05:39]} 16. d5 {[%emt 0:00:28]} Nc4 {[%emt 0:01:40]} 17. b3 {[%emt 0:00:35]} Nce5 {[%emt 0:00:06]} 18. N3h2 {[%emt 0:04:47]} c4 {[%emt 0:11:22]} 19. f4 {[%emt 0:04:51]} Nd3 {[%emt 0:05:05]} 20. Bxd3 {[%emt 0:21:29]} cxd3 {[%emt 0:00:02]} 21. Nf3 {[%emt 0:01:30]} Bc3 {[%emt 0:12:57]} 22. Bd2 {[%emt 0:02:01]} Rc8 {[%emt 0:05:33]} 23. Ng3 {[%emt 0:08:20]} b4 {[%emt 0:14:17]} 24. Rc1 {[%emt 0:04:04]} Bxd2 {[%emt 0:01:54]} 25. Qxd2 {[%emt 0:00:39]} Qb6+ {[%emt 0:02:45]} 26. Kh2 {[%emt 0:01:06]} Rxc1 {[%emt 0:01:40]} 27. Rxc1 {[%emt 0:00:18]} Nc5 {[%emt 0:00:23]} 28. Re1 {[%emt 0:00:34]} a5 {[%emt 0:02:12]} 29. Nd4 {[%emt 0:15:05]} Qd8 {[%emt 0:06:03]} 30. Ndf5 {[%emt 0:05:18]} g6 {[%emt 0:10:18]} 31. Nh6+ {[%emt 0:03:40]} Kg7 {[%emt 0:01:21]} 32. f5 {[%emt 0:02:59]} Rf8 {[%emt 0:13:57]} 33. Ng4 {[%emt 0:03:26]} Qh4 {[%emt 0:00:42]} 34. Qf4 {[%emt 0:01:35]} d2 {[%emt 0:02:27]} 35. Qxd2 {[%emt 0:01:14]} Re8 {[%emt 0:00:34]} 36. Qd4+ {[%emt 0:06:42]} f6 {[%emt 0:00:11]} 37. fxg6 {[%emt 0:00:06]} hxg6 {[%emt 0:00:22]} 38. Rf1 {[%emt 0:00:11]} Ba6 {[%emt 0:01:23]} 39. Rxf6 {[%emt 0:01:44]} Qxg3+ {[%emt 0:00:00]} 1-0